| 000 | 01797nam a2200361 a 4500 | ||
|---|---|---|---|
| 999 |
_c16731 _d16731 |
||
| 001 | 013496614 | ||
| 003 | EG-ScBUE | ||
| 005 | 20210322094959.0 | ||
| 008 | 060622t2006 enkac f b 001 0 eng d | ||
| 020 | _a0393927229 | ||
| 020 | _a9780393927221 | ||
| 040 |
_aEG-ScBUE _beng _erda _cEG-ScBUE _dEG-ScBUE |
||
| 082 | 0 | 4 |
_a820.8 _bNOR _222 |
| 245 | 0 | 4 |
_aThe Norton Anthology of English literature / _cStephen Greenblatt, general editor, Cogan University professor of the humanities, Harvard University ; M. H. Abrams, founding editor emeritus, class of 1916 professor of English emeritus, Cornell University. |
| 250 | _aEighth edition. | ||
| 264 | 1 |
_aNew York ; _aLondon : _bW.W. Norton and Company, _c[2006] |
|
| 264 | 1 | _cc2006 | |
| 300 |
_a6 volumes : _billustrations (chiefly color), color portraits ; _c24 cm |
||
| 336 |
_2rdacontent _atext _btxt |
||
| 337 |
_2rdamedia _aunmediated _bn |
||
| 338 |
_2rdacarrier _avolume _bnc |
||
| 500 | _aPrevious ed.: c 2000. | ||
| 500 | _aMaps on lining papers. | ||
| 504 | _aIncludes bibliographical references and index. | ||
| 505 | 0 | _aContent : volume A. The Middle Ages / Alfred David, James Simpson -- volume B. The sixteenth century, the early seventeenth century / George M. Logan ... [et al.] -- volume C. The Restoration and the eighteenth century / Lawrence Lipking, James Noggle -- volume D. The Romantic period / Jack Stillinger -- volume E. The Victorian age -- volume F. The twentieth century and after. | |
| 650 | 7 |
_aEnglish literature. _929925 _2BUEsh |
|
| 651 | 7 |
_aGreat Britain _vLiterary collections. _2BUEsh _929926 |
|
| 653 |
_cMay2012 _bHHUUEENN |
||
| 655 |
_vReading book _934232 |
||
| 700 | 1 |
_aGreenblatt, Stephen, _d1943- _eeditor. _929927 |
|
| 700 | 1 |
_aAbrams, M. H. _q(Meyer Howard), _d1912- _eeditor. _929928 |
|
| 942 |
_2ddc _cBB |
||